000 00388nam a2200157Ia 4500
008 230524s9999 xx 000 0 und d
082 _a658.5
_bDAS
100 _aPartha Sarathi Das
245 0 _aProduction and Operations Management
250 _a2ND
260 _aNEW DELHI
_bAlok
_c2009
300 _aVII;430
500 _aQuantity Number: 50
650 _aManagement
942 _cBK
999 _c39348
_d39348